000 00366nam a2200157Ia 4500
003 OSt
005 20240404123345.0
008 170523s9999 xx 000 0 und d
020 _aNIL
040 _cIIMT UNIVERSITY MEERUT
100 _aDAIFF- SS
245 0 _aDRAFTING AND OFFICE PROCEDURE
260 _bBRIGHT CARRIER
_aNEW DELHI
300 _a223
942 _2ddc
_c02
999 _c518
_d518